Statistics for Countries With One Olympic Medal

Click here to take the quiz!

General Stats

  • This quiz has been taken 7 times
  • The average score is 7 of 18

Answer Stats

OlympicsAnswer% Correct
SummerSamoa
86%
SummerDjibouti
57%
SummerEritrea
57%
SummerTonga
57%
SummerBarbados
43%
SummerCyprus
43%
SummerGabon
43%
SummerGuatemala
43%
SummerGuyana
43%
SummerParaguay
43%
SummerMauritius
29%
SummerMontenegro
29%
SummerSudan
29%
SummerTogo
29%
SummerTurkmenistan
29%
SummerBurkina Faso
14%
SummerIraq
14%
SummerSenegal
0%

Score Distribution

Percentile by Number Answered

Percent of People with Each Score

Your Score History

You have not taken this quiz